MARC details
| 000 -CABECERA |
| campo de control de longitud fija |
02662nam a2200337 a 4500 |
| 001 - NÚMERO DE CONTROL |
| campo de control |
BRCA_3078 |
| 005 - FECHA Y HORA DE LA ÚLTIMA TRANSACCIÓN |
| campo de control |
20190320204111.0 |
| 008 - DATOS DE LONGITUD FIJA--INFORMACIÓN GENERAL |
| campo de control de longitud fija |
270109s1825----fr-a---###---#000-0dfre-u |
| 041 ## - CÓDIGO DE LENGUA |
| Código de lengua del texto/banda sonora o título independiente |
fre |
| 044 ## - CÓDIGO DEL PAÍS DE LA ENTIDAD EDITORA/PRODUCTORA |
| Código MARC del país |
fr |
| 084 ## - OTRO NÚMERO DE CLASIFICACIÓN |
| Número de clasificación |
385 |
| Número de documento/Ítem |
.D456 |
| -- |
1825 |
| 100 1# - ENTRADA PRINCIPAL--NOMBRE DE PERSONA |
| Nombre de persona |
Cervantes Saavedra, Miguel de |
| Fechas asociadas al nombre |
1547-1616 |
| 9 (RLIN) |
213 |
| 245 10 - MENCIÓN DE TÍTULO |
| Título |
Histoire de L´Admirable Don Quichotte de la Manche |
| Mención de responsabilidad, etc. |
Traduction de Filleau de Saint-Martin. |
| 260 ## - PUBLICACIÓN, DISTRIBUCIÓN, ETC. |
| Lugar de publicación, distribución, etc. |
París |
| Nombre del editor, distribuidor, etc. |
Delongchamps |
| Fecha de publicación, distribución, etc. |
1825 |
| 300 ## - DESCRIPCIÓN FÍSICA |
| Extensión |
6 v. |
| Otras características físicas |
il. |
| Dimensiones |
21 cm. |
| 500 ## - NOTA GENERAL |
| Nota general |
Contenido : v 1. Primera parte. Retrato de Cervantes por Devería. Ensayo sobre la vida y obra de Cervantes. Prólogo del autor. Texto. -- v 2. Texto. Segunda parte. Texto. -- v 3. Texto. -- v 4. Texto. Primera parte de la continuación escrita por el traductor. texto. -- v 5. Texto. -- v 6. Segunda parte de la continuación escrita por el traductor. Texto |
| 500 ## - NOTA GENERAL |
| Nota general |
Edición : Avec un Essai sur la Vie et sur les Ouvrages de Cervantes, par M. Auger, de L´Académie Francaise |
| 500 ## - NOTA GENERAL |
| Nota general |
Además de la corrección del texto, se restableció en esta edición el prólogo de Cervantes, que se había publicado por vez primera, en 1752. El ensayo sobre la Vida y obras de Cervantes de L. Simon Auger, si bien sin novedades biográficas, es interesante por sus observaciones y la crítica del Quijote, así como por el entusiasmo que muestra por el idioma español. Sobre la novela escribe que es una de las más asombrosas maravillas del ingenio humano y uno de los más singulares fenómenos de la historia literaria; y sobre el idioma español dice: la española es la lengua más hermosa que se habla bajo el cielo, desde que la de los griegos ya no suena. Como sus compatriotas lo confirman, el autor del Quijote ha escrito divinamente en esta lengua divina. Asimismo, cuenta esta edición con un extraño retrato de Cervantes, dibujado por Deveria, quien se apoderó del negroide de Choquet (No. 384), y consiguió transformarlo en un Cervantes seminórdico. También las láminas son obra de Deveria. Semipiel; lomeras adornadas con dorados Lúdovik Osterc |
| 500 ## - NOTA GENERAL |
| Nota general |
QM308 |
| 546 ## - NOTA DE LENGUA/LENGUAJE |
| Nota de lengua/lenguaje |
Texto en : francés |
| 650 14 - PUNTO DE ACCESO ADICIONAL DE MATERIA--TÉRMINO DE MATERIA |
| Término de materia o nombre geográfico como elemento de entrada |
Novela española |
| Subdivisión cronológica |
Época clásica, 1500-1700 |
| 9 (RLIN) |
215 |
| 650 14 - PUNTO DE ACCESO ADICIONAL DE MATERIA--TÉRMINO DE MATERIA |
| Término de materia o nombre geográfico como elemento de entrada |
Literatura española |
| Subdivisión cronológica |
Época clásica, 1500-1700 |
| 9 (RLIN) |
216 |
| 650 14 - PUNTO DE ACCESO ADICIONAL DE MATERIA--TÉRMINO DE MATERIA |
| Término de materia o nombre geográfico como elemento de entrada |
Novela española |
| Subdivisión cronológica |
Siglo XVII |
| 9 (RLIN) |
217 |
| 650 14 - PUNTO DE ACCESO ADICIONAL DE MATERIA--TÉRMINO DE MATERIA |
| Término de materia o nombre geográfico como elemento de entrada |
Don Quijote (Personaje ficticio) |
| Término indicativo de función/relación |
Novela |
| 9 (RLIN) |
218 |
| 700 1# - PUNTO DE ACCESO ADICIONAL--NOMBRE DE PERSONA |
| Nombre de persona |
Saint-Martin, Francois Filleau de |
| Fechas asociadas al nombre |
1632-1695 |
| Término indicativo de función/relación |
Traductor |
| 9 (RLIN) |
8408 |
| 700 1# - PUNTO DE ACCESO ADICIONAL--NOMBRE DE PERSONA |
| Nombre de persona |
Devería |
| Término indicativo de función/relación |
Ilustrador |
| 9 (RLIN) |
8409 |
| 700 1# - PUNTO DE ACCESO ADICIONAL--NOMBRE DE PERSONA |
| Nombre de persona |
Auger, Louis-Simon |
| Fechas asociadas al nombre |
1772-1829 |
| Término indicativo de función/relación |
Biógrafo |
| 9 (RLIN) |
8410 |
| 740 0# - PUNTO DE ACCESO ADICIONAL--TÍTULO RELACIONADO O ANALÍTICO NO CONTROLADO |
| Título relacionado o analítico no controlado |
El Ingenioso Hidalgo Don Quijote de la Mancha |
| 902 ## - CATALOGADOR |
| Iniciales |
QFM |
| 942 ## - ELEMENTOS DE PUNTO DE ACCESO ADICIONAL (KOHA) |
| Fuente del sistema de clasificación o colocación |
Library of Congress Classification |
| Tipo de ítem Koha |
Libros |